¿Cómo se realiza el Despacho, Transporte y Comercialización de Madera? : (Registro nro. 8951)

Detalles MARC
000 -CABECERA
Campo de control 00806nam a22002057a 4500
005 - FECHA Y HORA DE LA ULTIMA TRANSACCION
Campo de control 20150109141334.0
008 - ELEMENTOS DE LONGITUD FIJA—INFORMACION GENERAL
Campo de control 150109b2011 pe || |r|||| 00| 0 spa d
040 ## - FUENTE DE CATALOGACIÓN
Agencia catalogadora original CO-BoIAVH
Agencia transcriptora CO-BoIAVH
041 ## - IDIOMA
Código de idioma para texto/pista de sonido o título separado Español
044 ## - PAÍS DE PUBLICACIÓN
País de publicación Perú
090 ## - CLASIFICACIÓN LOCAL
Colección EA
Consecutivo 00244
110 ## - ASIENTO PRINCIPAL--NOMBRE CORPORATIVO
Nombre corporativo o de jurisdicción como elemento de entrada Perú
Unidad subordinad Unión Internacional para la Conservación de la Naturaleza-UICN
245 ## - MENCION DE TITULO
Título ¿Cómo se realiza el Despacho, Transporte y Comercialización de Madera? :
Parte restante del título Guía N° 3
260 ## - PUBLICACION, DISTRIBUCION, ETC. (PIE DE IMPRENTA)
Lugar de publicación, distribución, etc. Lima :
Nombre del editor, distribuidor, etc. Unión Internacional para la Conservación de la Naturaleza-UICN,
-- Ministerio de Asuntos Interiores y de Cooperación-AECID,
Fecha de publicación, distribución, etc. 2011.
300 ## - DESCRIPCION FISICA
Extensión 40 pag
Otros detalles físicos Il.
Dimensiones 25 cm
650 ## - ASIENTO SECUNDARIO DE MATERIA - TERMINO TEMATICO
Término temático o nombre geográfico como elemento de entrada Madera
Subdivisión general Industria de la madera
650 ## - ASIENTO SECUNDARIO DE MATERIA - TERMINO TEMATICO
Término temático o nombre geográfico como elemento de entrada Madera
Subdivisión general Control social
650 ## - ASIENTO SECUNDARIO DE MATERIA - TERMINO TEMATICO
Término temático o nombre geográfico como elemento de entrada Madera
Subdivisión general Aspectos ambientales
942 ## - ELEMENTOS ADICIONALES (KOHA)
Sistema de clasificación Local
Tipo de ítem Libro
Existencias
Withdrawn status Lost status Sistema de Clasificación Damaged status No para préstamo Colección Inventariado Ubicación Permanente Ubicación actual Fecha de adquisición Fuente de Valor Valor Total Checkouts Número topográfico Inventario / Código de Barras Date last seen Ejemplar Price effective from Forma de adquisición Tipo de material
    Local     Educación Ambiental Inventariado 2017 Sala Fabio Quevedo Sala Fabio Quevedo 09/01/2015 Instituto 39000.00   EA-00244 034924 09/01/2015 Ej. 1 09/01/2015   Libro